000 00315nam a2200133Ia 4500
008 231129s1964||||xx |||||||||||||| ||spa||
040 _bspa
082 _a928.31 R456g
100 _aReyes. Alfonso
245 0 _aTrayectoria de Goethe
260 _c1964
264 _aFondo de Cultura Economica
942 _2ddc
_cBKS
999 _c25654
_d25654